[Event "FE Carnevale GM Elite 2021"]
[Site "Bassano del Grappa"]
[Date "2021.02.13"]
[Round "2.5"]
[White "Martin Duque, Jesus"]
[Black "Moroni, Luca Jr"]
[Result "1/2-1/2"]
[WhiteElo "2438"]
[BlackElo "2573"]
[Annotator "TA"]
[PlyCount "119"]
[EventDate "2021.02.12"]
[EventType "tourn"]
[EventCountry "ITA"]
[SourceTitle "playchess.com"]
[Source "ChessBase"]
[SourceQuality "1"]

{[%evp 13,119,25,43,27,27,14,1,0,0,0,9,11,17,4,0,0,0,-47,-41,-30,-28,-42,-40,-95,-113,-102,-95,-93,-77,-92,-29,-53,0,0,0,0,0,0,0,0,0,0,0,0,-4,-4,0,0,0,0,0,-2,-2,0,33,30,39,28,48,40,43,55,120,8,8,8,6,7,15,0,0,0,0,0,0,0,0,0,0,0,0,0,0,0,0,0,0,0,0,0,0,0,0,0,0,0,0,0,0,0,0,0,0,0,0,0,0,0]} 1. Nf3 g6 2. e4 Bg7 3. d4 d6 4. Be2 Nf6 5. Nc3 O-O 6. O-O a6 7. a4 Nc6 8. d5 $1 {[%mdl 4] is more profitable than 8.h3 at the moment. B08: Pirc Defence: Classical System.} Nb4 9. a5 e6 $1 10. Be3 exd5 11. exd5 Bf5 12. Nd4 {Threatens to win with Ra4.} Bd7 13. Bf3 Re8 {[#]} 14. Ra3 $146 ({Predecessor:} 14. Qd2 Qe7 15. Bg5 c5 16. dxc6 bxc6 17. Rfe1 Qf8 18. Na4 Nfd5 19. c3 Rxe1+ 20. Rxe1 {1-0 (58) Korobov,A (2652)-Vitiugov,N (2721) Czech Republic 2017}) 14... Rb8 15. Rb3 c5 {[%csl LRa5,LRd4]} 16. dxc6 $1 bxc6 {aiming for ...c5.} 17. Bf4 Bf8 18. Ra3 (18. Bg5 $15) 18... c5 $17 19. Nb3 Bf5 20. Na1 Qd7 21. Na4 h6 (21... Qc7 $17) 22. Nb6 $11 Qe6 (22... Qc7 $1 $15) 23. Re3 $36 {[%mdl 2048] White is more active.} Qa2 {[%mdl 64] [#] Double Attack} 24. Ra3 {[%cal Ra3a2]} Qe6 25. Re3 Qa2 {[%mdl 64] Double Attack} 26. Ra3 {[%cal Ra3a2]} Qxb2 27. Nc4 Qd4 28. Qxd4 cxd4 29. Nxd6 Nfd5 30. Nxe8 {[%cal Bd6e8,Be8f6,Bf6e4,Be4g3,Bg3f1][%mdl 32]} Nxf4 31. Nf6+ Kg7 32. Ne4 Re8 33. Ng3 Bxc2 34. Nxc2 Nxc2 35. Ra4 Nb4 36. Rb1 d3 37. h4 ({Don't blunder} 37. Raxb4 $2 Bxb4 38. Ne4 {[#]} Rc8 $1 $19) (37. Rbxb4 {leads to mate.} Re1+ 38. Nf1 Ne2+ 39. Bxe2 dxe2 40. h4 exf1=Q+ 41. Kh2 Bd6+ 42. Rf4 Qxf2 43. Ra3 Bxf4+ 44. Kh3 Rh1+ 45. Kg4 Rxh4#) 37... Nfd5 ({Better is} 37... Rb8 $1 $14) 38. Nf1 ({White should play} 38. Bxd5 $16 Nxd5 39. Re4 Rxe4 40. Nxe4) 38... Nc3 {The position is equal.} 39. Raxb4 Bxb4 40. Rxb4 {Strongly threatening Rb3.} Re1 41. Rb3 (41. g3 {is interesting.} d2 42. Rb6 d1=R 43. Bxd1 Rxd1 44. Rxa6 Ra1 45. Kg2) 41... Ne2+ 42. Kh2 {Hoping for Nd2.} Nd4 ({Of course not} 42... Rxf1 43. Rxd3 Nf4 44. Rd6 $16) 43. Rxd3 Nxf3+ 44. gxf3 {Black must now prevent Ne3.} Rxf1 {[%mdl 4096] Endgame KR-KR} 45. Rd6 Rxf2+ 46. Kg3 Ra2 47. Rxa6 Ra4 48. Kh3 g5 49. hxg5 hxg5 50. Kg3 f6 51. Ra8 Kg6 52. a6 {[%cal Ba5a6,Ba6a7][%mdl 32]} Kf5 53. a7 Ra3 54. Kg2 Ra1 55. Kf2 Kf4 56. Rf8 Ra2+ 57. Ke1 Rxa7 58. Rxf6+ Ke3 {[%cal Ra7a1]} 59. Kf1 Ra2 60. Kg1 {Weighted Error Value: White=0.09/Black=0.06} 1/2-1/2

[Event "FE Carnevale GM Elite 2021"]
[Site "Bassano del Grappa"]
[Date "2021.02.13"]
[Round "3.1"]
[White "Moroni, Luca Jr"]
[Black "Suarez Uriel, Adrian"]
[Result "0-1"]
[WhiteElo "2573"]
[BlackElo "2360"]
[Annotator "TA"]
[PlyCount "96"]
[EventDate "2021.02.12"]
[EventType "tourn"]
[EventCountry "ITA"]
[SourceTitle "playchess.com"]
[Source "ChessBase"]
[SourceQuality "1"]

{[%evp 11,96,12,27,27,30,34,50,35,57,56,76,69,66,54,47,51,65,47,56,72,50,18,25,8,14,12,27,27,22,12,14,13,53,-13,-14,-16,0,-12,-12,-20,0,-121,-115,-203,-200,-268,-205,-333,-322,-356,-360,-342,-320,-284,-316,-430,-405,-460,-512,-454,-436,-462,-452,-458,-457,-513,-508,-616,-529,-671,-547,-539,-516,-545,-545,-537,-531,-497,-482,-475,-466,-435,-338,-332,-322,-311,-304]} 1. d4 Nf6 2. c4 g6 3. Nc3 d5 4. cxd5 Nxd5 5. Bd2 Nb6 6. Nf3 Bg7 7. Bf4 {D90: Grünfeld: 4 Nf3 Bg7 sidelines.} Nc6 {[%cal Rc6d4]} 8. e3 O-O {[#]} 9. h4 $146 {White is slightly better.} ({Predecessor:} 9. Be2 Nb4 10. O-O N4d5 11. Be5 Bg4 12. Bxg7 Kxg7 13. Ne4 c6 14. Rc1 Nd7 15. a3 {½-½ (47) Kamsky,G (2695)-Anand,V (2715) Monte Carlo 1994}) 9... Bf5 10. h5 e5 11. Nxe5 Nxe5 12. Bxe5 Bxe5 13. dxe5 Qxd1+ 14. Rxd1 (14. Nxd1 {feels hotter.} Rae8 15. f4 f6 16. exf6 Rxf6 17. Rc1) 14... Rae8 $1 15. hxg6 hxg6 16. Rd4 {[#] Strongly threatening Rdh4.} (16. f4 {is interesting.} f6 17. exf6 Rxe3+ 18. Kf2 Re6 19. Be2) 16... Rxe5 17. g4 Bd7 18. Bg2 Kg7 19. Bxb7 c5 20. Rf4 Rb8 21. Bf3 Nc8 22. g5 ({White should try} 22. b3 $14) 22... Rxb2 $11 {White should prevent ...Nd6.} 23. Rfh4 $1 {[%cal Rh4h8] Rh8 is the strong threat.} Nd6 24. Rh8 {[%csl Gh8][%cal Rh1h7]} Rxg5 {And now ...Be6 would win.} 25. Rd8 {[#]} Nc4 $1 26. Nd1 ({Of course not} 26. Rxd7 Ne5 $17) (26. Ne4 $11 {was the only way to keep the balance.} Rd5 27. Rhh8 Rb1+ 28. Ke2 Rb2+ 29. Ke1 Rb1+ 30. Ke2 Rb2+ 31. Ke1) (26. Ne4 Rd5) 26... Rd2 $17 {Black keeps a firm grip on the game.} 27. Rdh8 (27. Ba8 $17) 27... Rxa2 28. Be2 Be6 29. R8h7+ (29. Bxc4 {was necessary.} Bxc4 30. Nc3 Ra1+ 31. Kd2 Rxh1 32. Rxh1) 29... Kf8 $19 30. Rh8+ Ke7 31. Rb8 Bd5 32. e4 Be6 33. f4 Rg2 34. Bf3 Rg3 35. Be2 Kf6 36. Kf2 Rd3 37. Ke1 Rd4 38. e5+ Kf5 39. Rf1 Re4 {[%csl Ga2][%cal Re4e2]} 40. Rf2 Nb6 41. Nc3 Ra1+ 42. Kd2 Rxf4 43. Bd3+ Kxe5 44. Re2+ Kf6 45. Ne4+ Kg7 46. Nxc5 Ra2+ 47. Ke1 Rxe2+ 48. Kxe2 Bg4+ {Weighted Error Value: White=0.33/Black=0.14} 0-1

[Event "FE Carnevale GM Elite 2021"]
[Site "Bassano del Grappa"]
[Date "2021.02.13"]
[Round "3.2"]
[White "Subelj, Jan"]
[Black "Martin Duque, Jesus"]
[Result "1/2-1/2"]
[WhiteElo "2418"]
[BlackElo "2438"]
[Annotator "TA"]
[PlyCount "58"]
[EventDate "2021.02.12"]
[EventType "tourn"]
[EventCountry "ITA"]
[SourceTitle "playchess.com"]
[Source "ChessBase"]
[SourceQuality "1"]

{[%evp 9,58,4,18,25,28,19,37,0,38,2,36,25,39,33,38,17,36,20,20,28,32,37,27,34,72,63,81,62,96,93,174,175,179,170,174,143,143,152,153,116,163,153,152,152,221,212,213,209,225,212,216]} 1. e4 c5 2. Nf3 e6 3. c4 Nc6 4. Nc3 {[%cal Bb1c3,Bc3e2,Be2g3,Bg3f5][%mdl 32]} Nd4 5. Bd3 {[#]} b6 $146 ({Predecessor:} 5... Ne7 6. Nxd4 cxd4 7. Ne2 Nc6 8. Bc2 Be7 9. d3 O-O 10. O-O Rb8 11. Ba4 e5 12. f4 d6 {½-½ (70) Melkumyan,H (2654)-Ladva,O (2522) chess.com INT 2018}) 6. Nxd4 {B40: Sicilian: 2...e6, Unusual lines.} cxd4 7. Ne2 e5 8. f4 {White is slightly better.} d6 9. Bc2 Nf6 10. d3 Be7 11. Ba4+ Nd7 12. Ng3 O-O 13. Bc6 Rb8 14. Nf5 Nf6 15. Nxe7+ Qxe7 16. O-O h6 17. Qe1 Bb7 18. Ba4 Kh8 19. Bd2 Ng8 (19... Nd7 $16) 20. fxe5 $18 Qxe5 21. Bf4 Qe6 22. Qg3 Rbd8 23. Rae1 Ne7 24. Qf2 Qg6 25. Qxd4 {White is clearly better.} f5 26. Bg3 Nc6 (26... Qg5 $16 27. Qf2 (27. Bxd6 Qg6 $17) 27... fxe4 28. Qxf8+ Rxf8 29. Rxf8+ Kh7) 27. Qd5 Na5 28. exf5 Qf6 29. Qe6 {aiming for Qxf6.} Qxb2 {[%csl Gb7][%cal Rb2g2] Weighted Error Value: White=0.08/Black=0.18} 1/2-1/2

[Event "FE Carnevale GM Elite 2021"]
[Site "Bassano del Grappa"]
[Date "2021.02.13"]
[Round "3.3"]
[White "Brilej, Jaka"]
[Black "Dardha, Daniel"]
[Result "1/2-1/2"]
[WhiteElo "2268"]
[BlackElo "2503"]
[Annotator "TA"]
[PlyCount "64"]
[EventDate "2021.02.12"]
[EventType "tourn"]
[EventCountry "ITA"]
[SourceTitle "playchess.com"]
[Source "ChessBase"]
[SourceQuality "1"]

{[%evp 27,64,35,37,23,81,77,81,83,85,83,79,60,64,67,100,89,90,69,101,99,99,80,94,93,108,108,121,112,174,142,140,46,47,30,33,31,29,30,35]} 1. e4 c5 2. Nf3 Nc6 3. d4 cxd4 4. Nxd4 e5 5. Nb5 Nf6 6. N1c3 d6 7. Bg5 a6 8. Na3 b5 9. Nd5 Be7 10. Bxf6 Bxf6 11. c3 Ne7 12. Nxf6+ gxf6 13. Nc2 Bb7 14. Bd3 d5 15. Qe2 {B33: Sicilian: Pelikan and Sveshnikov Variations.} f5 (15... dxe4 $11 16. Bxe4 Bxe4 17. Qxe4 Qd5 18. Qxd5 Nxd5) 16. exf5 $16 e4 {[#]} 17. f6 $1 {White is better.} Ng6 {[#]} 18. Qe3 $1 Qxf6 19. g3 {[#]} O-O $146 ({Predecessor:} 19... b4 20. Be2 bxc3 21. bxc3 O-O 22. Rb1 Bc8 23. O-O Bh3 24. Rb6 Qe5 25. f4 Qc7 {1-0 (54) Minasian,A (2479)-Esen,B (2420) Moscow 2006}) 20. Be2 Rae8 21. O-O-O Ne5 22. Nd4 Rc8 23. Kb1 Nc6 24. Nb3 {Strongly threatening Nc5.} Rfd8 25. a3 Ne5 26. h4 Bc6 27. g4 b4 (27... Rd6 $16 {was necessary.}) 28. g5 ({Resist} 28. axb4 $6 Ba4 $11) ({Not} 28. Bxa6 Ra8 $17) 28... Qd6 29. axb4 ({Only move:} 29. cxb4 $16 Ba4 30. Rd4) 29... Ba4 $14 30. Nc5 Bxd1 31. Rxd1 {Nb7 is the strong threat.} Qg6 $1 32. Qf4 Nf3 $1 {Weighted Error Value: White=0.13/Black=0.14} 1/2-1/2

[Event "FE Carnevale GM Elite 2021"]
[Site "Bassano del Grappa"]
[Date "2021.02.13"]
[Round "3.4"]
[White "Kuhn, Clement"]
[Black "Blohberger, Felix"]
[Result "1/2-1/2"]
[WhiteElo "2240"]
[BlackElo "2477"]
[Annotator "TA"]
[PlyCount "100"]
[EventDate "2021.02.12"]
[EventType "tourn"]
[EventCountry "ITA"]
[SourceTitle "playchess.com"]
[Source "ChessBase"]
[SourceQuality "1"]

{[%evp 9,100,1,0,0,24,-13,-14,-19,-13,-13,-22,-14,-10,-10,-9,-17,-13,-26,-27,-28,-34,-24,-30,-31,-30,-70,-43,-50,-50,-48,-26,-35,-24,-50,-33,-29,-25,-13,-11,-35,-28,-57,-60,-107,0,-29,-28,-28,-28,-28,-28,-32,-32,-47,-28,-28,-28,-28,-28,-28,0,-28,0,-58,-41,-45,0,0,0,-49,0,0,0,0,0,0,0,0,8,4,3,0,0,0,0,3,57,0,0,0,32,0,0]} 1. e4 c6 2. d4 d5 3. exd5 cxd5 4. Bf4 Bf5 5. c3 Nc6 6. Nd2 {B13: Caro-Kann: Exchange Variation and Panov-Botvinnik Attack.} f6 7. Ngf3 g5 8. Bg3 h5 {[#] Strongly threatening ...h4.} 9. h3 e6 10. Nb3 Bd6 11. Bxd6 Qxd6 12. Bd3 Nge7 {[#]} 13. Qe2 $146 ({Predecessor:} 13. Bxf5 Nxf5 14. Qe2 O-O-O 15. O-O-O Kb8 16. Nc5 Rde8 17. g4 hxg4 18. hxg4 Nh4 19. Nxh4 gxh4 {1-0 (36) Acsinte,M (2235)-Cernousek,L (2460) chess.com INT 2020}) 13... Bxd3 14. Qxd3 Kf7 15. O-O-O Qf4+ 16. Kb1 Qf5 17. Rhe1 b6 18. Nc1 Rae8 19. Re2 Qxd3+ 20. Nxd3 Ng6 21. Nd2 Nf4 (21... Nce7 {seems wilder.} 22. Rde1 Nf5 23. g3 Nd6 24. Kc2 Re7) 22. Nxf4 gxf4 23. Nf3 Ne7 24. Nh4 Rhg8 25. Rd3 Ng6 26. Nf3 {[#]} Ne7 (26... e5 $1 $17 {[%cal Re5e4] aiming for ...e4.} 27. dxe5 Nxe5 28. Nxe5+ Rxe5) 27. Nh4 $11 Rg5 28. Rf3 Ng6 29. Nxg6 Rxg6 30. Rxf4 Rxg2 {[%mdl 4096] Endgame KRR-KRR} 31. Rf3 b5 32. Kc2 a5 33. Kb3 Rg1 34. Rfe3 Re7 35. Rf3 Re8 36. Rf4 (36. Rfe3 $11) 36... Rb8 $15 37. Re5 b4 {Hoping for ...a4+!} 38. Rxh5 a4+ 39. Kc2 b3+ 40. axb3 axb3+ 41. Kd3 Rb1 42. Rh7+ Kg6 43. Rfh4 {Black must now prevent R4h6+.} e5 44. dxe5 fxe5 45. R7h6+ (45. R4h6+ {with more complications.} Kf5 46. Rd6 Rf8 47. Rxd5 Rxb2 48. Re7) 45... Kg7 46. Rh7+ Kf6 47. R4h6+ Kg5 ({Better is} 47... Kf5 $11) 48. Rh5+ (48. h4+ $14 Kg4 49. Rg6+ Kh3 50. Rhg7 (50. Rg3+ Kh2 $11)) 48... Kf6 49. R5h6+ Kg5 50. Rh5+ Kf6 {Weighted Error Value: White=0.11/Black=0.13} 1/2-1/2

[Event "FE Carnevale GM Elite 2021"]
[Site "Bassano del Grappa"]
[Date "2021.02.13"]
[Round "3.5"]
[White "Bernadskiy, Vitaliy"]
[Black "Basso, Pier Luigi"]
[Result "1/2-1/2"]
[WhiteElo "2600"]
[BlackElo "2553"]
[Annotator "TA"]
[PlyCount "46"]
[EventDate "2021.02.12"]
[EventType "tourn"]
[EventCountry "ITA"]
[SourceTitle "playchess.com"]
[Source "ChessBase"]
[SourceQuality "1"]

{[%evp 21,46,4,8,13,4,1,1,3,3,7,6,4,3,4,4,0,3,0,2,5,6,0,0,0,0,0,0]} 1. e4 e5 2. Nf3 Nc6 {[%cal Bb8c6,Bc6e7,Be7g6][%mdl 32]} 3. Nc3 Nf6 4. Bb5 Bb4 5. O-O O-O 6. d3 d6 7. Ne2 Ne7 8. c3 Ba5 9. Ng3 c6 10. Ba4 Ng6 11. d4 Re8 {The position is equal.} 12. Bc2 {C49: Four Knights: 4 Bb5 Bb4.} Bb6 13. h3 d5 14. Nxe5 Nxe5 15. dxe5 Nxe4 16. Nxe4 dxe4 17. Qxd8 Bxd8 18. Re1 Rxe5 19. Bf4 {[#]} Re8 $146 ({Predecessor:} 19... Re7) 20. Bxe4 Be7 21. Bc2 Be6 22. Bb3 Bxb3 23. axb3 Bc5 {A rather calm draw.  Weighted Error Value: White=0.01/Black=0.00} 1/2-1/2

[Event "FE Carnevale GM Elite 2021"]
[Site "Bassano del Grappa"]
[Date "2021.02.14"]
[Round "4.1"]
[White "Suarez Uriel, Adrian"]
[Black "Basso, Pier Luigi"]
[Result "1/2-1/2"]
[WhiteElo "2360"]
[BlackElo "2553"]
[Annotator "TA"]
[PlyCount "59"]
[EventDate "2021.02.12"]
[EventType "tourn"]
[EventCountry "ITA"]
[SourceTitle "playchess.com"]
[Source "ChessBase"]
[SourceQuality "1"]

{[%evp 9,59,0,11,-19,-19,-30,-29,-79,-83,-74,-80,-81,-80,-95,0,-7,9,0,107,41,209,189,137,138,340,275,693,731,760,677,1566,0,0,0,0,0,0,0,0,0,0,0,0,0,0,0,0,0,0,0,0,0]} 1. e4 e5 2. Nf3 Nc6 3. Bc4 Bc5 4. c3 Nf6 5. d4 exd4 6. b4 {C54: Giuoco Piano: 4 c3 Nf6, main lines with 5 d4 and 5 d3.} Bb6 7. e5 Ne4 8. Bd5 {Black has an edge.} Nxc3 9. Nxc3 dxc3 10. Bg5 Ne7 $1 11. O-O {[#] White wants to play Nh4.} O-O $146 (11... h6 $17 12. Be3 d6) ({Predecessor:} 11... h6 12. Bh4 O-O 13. Re1 Qe8 14. Bb3 a5 15. Bf6 a4 16. Bc4 Ng6 17. Qd3 d5 18. exd6 {1-0 (38) Dubov,D (2702)-Karjakin,S (2752) Moscow 2020}) 12. Re1 Qe8 13. Bb3 h6 {[#]} (13... a5 $11) 14. Bf6 $1 {[%mdl 512]} Ng6 $2 {[#]} (14... gxf6 $2 15. exf6 d5 16. fxe7 $18) ({Better is} 14... Nf5 $1 $14) (14... Nf5 15. Qd3) 15. Qd3 $1 {Qxg6 would kill now.} Kh8 ({Black should try} 15... d5 $18 16. exd6 Be6) 16. Qxc3 $16 gxf6 $2 (16... a5 $16) 17. Qd2 Kh7 (17... Nxe5 18. Qxh6+ Kg8 19. Bc2 Ng6 20. Rxe8 Bxf2+ 21. Kf1 Rxe8 22. Bxg6 fxg6 23. Qxg6+ Kh8 24. Qxf6+ Kg8 25. Ng5 Re7 26. Qxe7 Bh4 27. Qh7+ Kf8 28. Qf7#) (17... Bxf2+ 18. Kxf2 Kh7) 18. exf6 $18 Qd8 {[#]} 19. Ng5+ $1 {[%mdl 512]} Kg8 {[#]} (19... hxg5 20. Qxg5) 20. Ne4 (20. Nxf7 $1 $18 Qxf6 21. Qxh6 Bxf2+ 22. Kh1) 20... Kh7 $11 {And now ...d5! would win.The position is equal.} 21. Qd5 {Qh5! is the strong threat.} c6 $1 {[%cal Rc6d5]} 22. Qh5 Bxf2+ $1 23. Kxf2 {White threatens Ng5+ and mate.} d5 24. Ng5+ Kg8 25. Re7 Qd6 ({Inferior is} 25... Nxe7 26. Qxh6 Qb6+ 27. Kf1 (27. Kf3 $2 Qe3+ {[%mdl 64] Decoy} 28. Kxe3 Nf5+ {[%mdl 64] Double Attack} 29. Kf4 Nxh6 $19) 27... Qa6+ 28. Kg1 Qb6+ 29. Kh1 Qg1+ 30. Rxg1 Ng6 31. Qh7#) 26. Qxg6+ fxg6 27. Rg7+ Kh8 28. Rh7+ {[%mdl 64] Double Attack} Kg8 29. Rg7+ Kh8 30. Rh7+ {[%mdl 64] Double Attack. Black escapes into a draw.  Weighted Error Value: White=0.32/Black=0.57} 1/2-1/2

[Event "FE Carnevale GM Elite 2021"]
[Site "Bassano del Grappa"]
[Date "2021.02.14"]
[Round "4.2"]
[White "Blohberger, Felix"]
[Black "Bernadskiy, Vitaliy"]
[Result "0-1"]
[WhiteElo "2477"]
[BlackElo "2600"]
[Annotator "TA"]
[PlyCount "120"]
[EventDate "2021.02.12"]
[EventType "tourn"]
[EventCountry "ITA"]
[SourceTitle "playchess.com"]
[Source "ChessBase"]
[SourceQuality "1"]

{[%evp 17,120,32,47,-72,14,16,7,0,7,10,8,0,0,0,0,-44,12,10,0,-19,-14,-14,6,-29,-27,-14,-14,-14,-9,-22,0,-16,-14,-21,-18,-10,0,0,0,0,0,0,0,0,0,-13,0,-14,0,-31,0,0,0,-79,-75,-81,-91,-90,-88,-116,-62,-67,-8,-104,0,0,0,0,0,0,0,0,0,0,0,0,0,0,0,0,0,4,1226,80,96,62,123,0,0,0,0,0,0,0,0,0,0,-1560,-378,-392,-322,-1451,-1402,-1737,-2100]} 1. e4 c5 2. Nf3 d6 3. d4 cxd4 4. Nxd4 Nf6 5. Nc3 a6 6. Bg5 Nbd7 7. Qe2 Qc7 8. O-O-O e6 9. f4 b5 10. f5 {B96: Sicilian Najdorf: 6 Bg5 e6 7 f4, lines other than 7...Qb6 and 7...Be7.} (10. a3 $14) 10... e5 {[#]} ({Black should try} 10... b4 $1 $17 {[%cal Rb4c3]} 11. fxe6 bxc3 12. exd7+ Nxd7) 11. Nd5 $11 {[%cal Rd5c7]} Nxd5 12. exd5 {The position is equal.} Nb6 {[#]} 13. Qh5 $1 Be7 14. Bxe7 Qxe7 15. Nc6 Qf6 16. g4 {[#]} Qh6+ $5 $146 {[%mdl 8] New and interesting.} (16... Bd7 $15 17. Bg2 h6) ({Predecessor:} 16... h6 17. Kb1 Bd7 18. Bg2 {½-½ (18) Dorfman,J (2584)-Fressinet,L (2646) Aix les Bains 2007}) 17. Qxh6 gxh6 18. Bg2 Rg8 19. Bf3 Bd7 20. Na5 h5 21. h3 f6 22. b3 Rc8 23. Kb2 Ke7 24. c3 h4 25. Rd3 Rc5 26. Rhd1 Nc4+ 27. Nxc4 bxc4 28. Re3 cxb3 29. axb3 a5 30. Ra1 Rb8 31. Kc2 Kf8 32. Ra3 Kg7 33. Re1 Rbc8 (33... h5 $5) 34. c4 a4 {With the idea ...axb3+.} 35. Kd3 (35. Kd2 $11 {keeps the balance.}) 35... axb3 $17 36. Ra7 R5c7 37. Rxc7 Rxc7 {[%mdl 4096] Endgame KRB-KRB} 38. Kc3 Rb7 (38... b2 $1 $17 39. Rb1 Rb7 40. Rxb2 Rxb2 41. Kxb2 h5) 39. Kb2 $1 $15 Ba4 (39... h5 $15) 40. Be4 (40. Rb1 $11) 40... Kf8 (40... Kh6 $1 $17) 41. Ra1 $11 Rb4 42. Kc3 b2 43. Ra3 b1=Q 44. Bxb1 Rxb1 45. Rxa4 {KR-KR} Rh1 46. Kb4 {Threatens to win with Kb5.} Rxh3 47. c5 dxc5+ 48. Kxc5 {Black should prevent Kd6.} Kg7 49. Kd6 Rg3 $2 {[%mdl 8192] [#]} (49... Rd3 $11) 50. Ke6 $2 (50. Ke7 $1 $18 {is the precise move to win.} h3 51. g5 Rxg5 52. d6) 50... h3 $16 {Strongly threatening ...h2.} 51. g5 (51. Ra2 {keeps more tension.} Rg2 52. Ra1 Rxg4 53. Rh1 Rg3 54. d6) 51... fxg5 {[#] Hoping for ...h2.} 52. d6 (52. Ra7+ $1 $16 Kh6 53. f6) 52... h2 $11 53. Ra7+ Kh6 54. d7 h1=Q $1 {[%cal Rh1c6]} ({Don't go for} 54... Rd3 $2 55. Ra1 $18) 55. d8=Q {Intending Qf8+ and mate.} Qc6+ 56. Kf7 $1 Rf3 {And now ...Qg6+ would win.} 57. Qf8+ $2 {[%mdl 8192]} (57. Kg8 $11 Rxf5 58. Rxh7+ Kg6 59. Rg7+ Kh6 60. Rh7+ Kg6 61. Rg7+ Kh6 62. Rh7+) 57... Kh5 $19 58. Kg8 Kg4 59. Rf7 $2 {[#]} (59. Qd8) 59... Rxf5 $3 {[%mdl 576] ( -> ...Qe6!). Remove Defender, Decoy} 60. Rxf5 (60. Qd8 Rxf7) 60... Qg6+ {[%mdl 64] Double Attack. What a bad dream for White.  Weighted Error Value: White=0.67/Black=0.14} 0-1

[Event "FE Carnevale GM Elite 2021"]
[Site "Bassano del Grappa"]
[Date "2021.02.14"]
[Round "4.3"]
[White "Dardha, Daniel"]
[Black "Kuhn, Clement"]
[Result "0-1"]
[WhiteElo "2503"]
[BlackElo "2240"]
[Annotator "TA"]
[PlyCount "164"]
[EventDate "2021.02.12"]
[EventType "tourn"]
[EventCountry "ITA"]
[SourceTitle "playchess.com"]
[Source "ChessBase"]
[SourceQuality "1"]

{[%evp 13,164,38,53,27,61,22,73,72,65,36,46,50,47,21,68,73,72,35,56,0,80,52,66,85,75,70,72,69,74,62,74,67,68,0,0,0,41,14,27,0,37,18,47,43,59,20,26,29,55,16,29,12,27,21,26,20,68,66,64,63,80,65,80,80,77,66,78,52,42,37,39,43,60,59,149,152,300,293,493,459,476,433,376,-151,-161,-317,-300,-316,-300,-293,-273,-286,-281,-264,-260,-850,-494,-469,-33,-693,-693,-660,-659,-635,-623,-882,-572,-502,0,0,0,-29971,-29972,-29972,-29974,-12840,-12841,-29980,-29981,-29981,-29982,-29983,-1891,-12832,-12831,-12826,-2736,-12831,0,-29973,-29974,-29974,-29975,-29976,-29977,-29977,-29978,-29987,-29988,-29988,-29989,-29994,-29991,-29991,-29992,-29992,-29993,-29996,-12849,-29997,-12850,-29997,-29998]} 1. d4 Nf6 2. c4 g6 3. Nc3 Bg7 4. e4 d6 5. Nf3 O-O 6. Bd3 Nbd7 7. O-O e5 8. Bc2 {[#] E90: King's Indian: Classical: Early deviations and 6 h3.} Qe7 $146 ({Predecessor:} 8... Nh5 9. d5 Nb6 10. Qe2 f5 11. a4 Bd7 12. a5 Nc8 13. exf5 Bxf5 14. Bxf5 Rxf5 15. Ne4 Rf8 {1-0 (33) Nguyen,D (1601)-Hoang,L Ho Chi Minh City 2017}) 9. Re1 h6 (9... exd4 $11 {keeps the balance.} 10. Nxd4 Ne5) 10. b3 {White is better.} Re8 11. Ba3 Qd8 12. Qd2 Nh5 13. g3 Qf6 {[#]} 14. Nd5 $1 Qd8 (14... Qxf3 $2 15. Bd1 $18 (15. Nxc7 exd4 16. Bd1 Ne5 $14)) 15. Kg2 c6 16. Ne3 (16. Nc3 $1 $14) 16... Nf8 (16... exd4 $11 17. Nxd4 Ndf6) 17. d5 Qf6 18. Bd1 c5 19. Ng1 Qg5 20. h4 Nf4+ $1 21. Kf1 Qe7 22. Bb2 (22. gxf4 $6 exf4 23. Nc2 Bxa1 $15) 22... Nh3 23. h5 (23. Kg2 $14 Nxg1 24. Kxg1) 23... Nxg1 24. Kxg1 Qg5 25. hxg6 fxg6 26. b4 Nd7 27. Bc3 h5 28. Ng2 Qe7 29. a4 {[%cal Ba2a4,Ba4a5][%mdl 32]} Rf8 30. a5 Kh7 31. Rb1 Bh6 32. Qc2 Rf7 33. Nh4 cxb4 34. Bxb4 Nc5 35. Bxc5 dxc5 36. Kg2 Qg5 37. Nf3 Qf6 ({Don't blunder} 37... Qg4 $2 38. Rh1 $18) 38. Qb2 Bg7 39. Rf1 Bd7 40. Qd2 Bh6 41. Qc3 Re8 42. Rb2 Qd6 43. Ne1 h4 ({Black should play} 43... Bc8 $14) 44. Rh1 hxg3 (44... h3+ $16 45. Kg1 (45. Kh2 Bc8 $16) 45... Bc8) 45. Qe3 $18 ({Don't do} 45. Qxg3 $6 Kg7 $18) 45... Qf8 (45... g5 46. Qxg3 Ree7) 46. fxg3 Qg7 47. Nf3 {Hoping for Qxh6+!} g5 48. Nh2 $2 {[#]} (48. Qxg5 $18 {Threatens to win with Qh4.} Ree7 49. Rh5) 48... Bh3+ $1 $17 {[%mdl 512]} 49. Kg1 $2 (49. Kxh3 {was forced.} g4+ {[%mdl 64] Discovered Attack} 50. Nxg4 Bxe3 51. Nxe3) 49... g4 $1 $19 50. Qe2 {[%cal Rh2g4]} Ref8 51. Nxg4 {[#]} Rf1+ $1 52. Kh2 {[#]} Rxd1 $1 {[%mdl 512]} 53. Qxd1 Bxg4 54. Qb1 (54. Rxb7 Bxd1 55. Rxg7+ Kxg7 56. Rxd1) 54... Rf7 {And now ...Kg8 would win.} 55. Rf1 Bc8 $2 (55... Rxf1 $19 56. Qxf1 Be3) 56. Rbf2 $2 {[%mdl 8192]} (56. Rxf7 $15 Qxf7 57. Qd3) 56... Rxf2+ 57. Rxf2 Be3 58. Rf5 Qg4 59. d6 Bxf5 60. exf5 e4 $2 (60... Qh5+ $19 61. Kg2 Qe2+ 62. Kh3 Qf3) 61. Qxb7+ $11 Kh6 {( -> ...Qe2+)} 62. Qb2 $2 {[%mdl 8192] White is on the road to losing.} (62. Qf7 $11) 62... Qh5+ 63. Kg2 Qf3+ 64. Kh2 Bd4 65. d7 Bxb2 66. d8=Q Qf2+ 67. Kh1 Qe1+ (67... Qxg3 $142 68. Qd2+ e3 69. Qg2 Be5 70. Qe2 Qh3+ 71. Kg1 {[#]} Bh2+ $1 {[%mdl 576] Promotion} 72. Qxh2 Qxh2+ 73. Kxh2 e2 74. Kg2 e1=Q 75. f6 Kg6 76. f7 Kxf7 77. Kf3 Kf6 78. Kf4 a6 79. Kf3 Kf5 80. Kg2 Kg4 81. Kh2 Kf3 82. Kh3 Qh1#) 68. Kg2 Qe2+ {[%mdl 64] Double Attack} 69. Kh3 Qh5+ 70. Kg2 Qf3+ (70... Be5 $19 71. Qf8+ Kg5 72. Qe7+ Kxf5 73. Qd7+ Kg5 74. Qd8+ Kh6 75. Qf8+ Bg7 76. Qf4+ Kg6 77. Qxe4+ Qf5 78. Qe8+ Kh7) 71. Kh2 $1 Be5 72. Qf8+ Kg5 73. Qg8+ Kxf5 74. Qf7+ Kg5 75. Qe7+ Qf6 76. Qxc5 Kg4 77. Qxa7 Qh4+ 78. Kg1 Qxg3+ 79. Kf1 Qd3+ 80. Kg2 Qf3+ 81. Kg1 e3 (81... Kg3 $142 82. Qg7+ Bxg7 83. c5 Qg2#) 82. Qd7+ Kg3 {[%csl Gg3][%cal Rf3g2] Weighted Error Value: White=0.57/Black=0.52} 0-1